000 00448nam a22001457a 4500
005 20251111154555.0
008 251111b |||||||| |||| 00| 0 eng d
020 _a9780130143075
050 _aTK4035
_b.A35
100 _aLangley, Billy C.
245 _aElectrical Applications for Air Conditioning & Refrigeration Systems
_cBilly C. Langley
260 _aLilburn
_bThe Fairmont Press
_c2000
300 _aix. 476p.
_bill.
_c23.5cm
942 _2lcc
_cBK
_n0
999 _c8217
_d8217